000 00643nam a2200157 a 4500
008 120416s0000 ||||||||||||||||| || u
020 _a0340528443
050 _aP 90 Ash
100 _aAshley, Rod
245 1 0 _aCommunication on target
260 _aLondon
_bHodder & Stoughton
_c1991
300 _a112p. : ill.
350 _a0.00
995 _aANNEX COLLECTION (Main Library)
_D0.00
_e727069
_FCBU-MAIN LIBRARY (Kitwe)
_H1
_I7.50
_jP 90 Ash
_M1
_UAVAILABLE
_y018167
_ZAnnex Low-Usage Collection
995 _aANNEX COLLECTION (Main Library)
_D0.00
_e727070
_FCBU-MAIN LIBRARY (Kitwe)
_H2
_I7.50
_jP 90 Ash
_M2
_UAVAILABLE
_y018168
_ZAnnex Low-Usage Collection
999 _c79541
_d79541